The Touch of passion (Record no. 37728)

MARC details
000 -LEADER
fixed length control field 00253nam a2200109Ia 4500
082 ## - DEWEY DECIMAL CLASSIFICATION NUMBER
Classification number 82-3HAR
Item number WAR
100 ## - MAIN ENTRY--AUTHOR NAME
Personal name Ward, Lynda
245 #4 - TITLE STATEMENT
Title The Touch of passion
260 ## - PUBLICATION, DISTRIBUTION, ETC. (IMPRINT)
Name of publisher Harlequin
Year of publication 1983
942 ## - ADDED ENTRY ELEMENTS (KOHA)
Koha item type Books
Holdings
Withdrawn status Lost status Damaged status Not for loan Home library Current library Date acquired Cost, normal purchase price Full call number Accession Number Koha item type
        RRII Library RRII Library 16/12/2021 26.00 82-3HAR WAR 18108 Books